Text book of physics / (Record no. 123)
[ view plain ]
| 000 -LEADER | |
|---|---|
| fixed length control field | 00641cam a2200265ua 4500 |
| 041 ## - LANGUAGE CODE | |
| Language code of text/sound track or separate title | eng |
| 082 ## - DEWEY DECIMAL CLASSIFICATION NUMBER | |
| Classification number | 530 |
| Item number | DUN/TE |
| 100 ## - MAIN ENTRY--AUTHOR NAME | |
| Personal name | Duncan, . |
| 245 ## - TITLE STATEMENT | |
| Title | Text book of physics / |
| 250 ## - EDITION STATEMENT | |
| Edition statement | 2 / |
| 260 ## - PUBLICATION, DISTRIBUTION, ETC. (IMPRINT) | |
| Place of publication | Newyork : |
| Name of publisher | MacMillan and Company Limited , |
| Year of publication | 1957. |
| 300 ## - PHYSICAL DESCRIPTION | |
| Number of Pages | 1063 ; . |
| 650 ## - SUBJECT ADDED ENTRY--TOPICAL TERM | |
| Topical Term | Heat |
| 650 ## - SUBJECT ADDED ENTRY--TOPICAL TERM | |
| Topical Term | Mechanics |
| 650 ## - SUBJECT ADDED ENTRY--TOPICAL TERM | |
| Topical Term | Properties of matter |
| 700 1# - ADDED ENTRY--PERSONAL NAME | |
| Personal name | Devassy, C.P . |
| 700 1# - ADDED ENTRY--PERSONAL NAME | |
| Personal name | Duncan, J . |
| 700 1# - ADDED ENTRY--PERSONAL NAME | |
| Personal name | Starling, S G . |
| 700 1# - ADDED ENTRY--PERSONAL NAME | |
| Personal name | Starling, S G . |
| 942 ## - ADDED ENTRY ELEMENTS (KOHA) | |
| Koha item type | Books |
| Withdrawn status | Lost status | Damaged status | Home library | Current library | Date acquired | Full call number | Accession Number | Koha item type |
|---|---|---|---|---|---|---|---|---|
| KAUAET | KAUAET | 07/04/2012 | 530 DUN/TE | 3165 | Books |
